Statistics for MCU Quotes

Click here to take the quiz!

General Stats

  • This quiz has been taken 45 times
  • The average score is 15 of 19

Answer Stats

Quote Character % Correct
"This drink, I like it. Another!"Thor
100%
"The city is flying. We're fighting an army of robots. And I have a bow and arrow. None of this makes sense."Hawkeye
97%
"Just Wong? Like Adele? Or Aristotle? Drake, Bono... Eminem..."Doctor Strange
94%
"Puny god."Hulk
94%
"He's a friend from work!"Thor
91%
"I'm Mary Poppins, ya'll!"Yondu Udonta
88%
"We're using our made-up names."Spider Man
85%
"Sir, I'm going to have to ask you to exit the donut."Nick Fury
82%
"What master do I serve, what am I supposed to say Jesus?"Star Lord
79%
"Doth mother know you weareth her drapes?"Iron Man
79%
" So... you got detention. You screwed up. You know what you did was wrong. The question is, how are you gonna make things right?"Captain America
76%
"What was your second choice, Scrotumhat?"Rocket
71%
"When you're ugly and someone loves you, you know they love you for who you are. Beautiful people never know who to trust."Drax the Destroyer
71%
"I can feel the righteousness surging. Hey, want to have a rousing discussion about truth? Honor? Patriotism? God bless America!"Loki
71%
"You didn't see that coming."Quicksilver
71%
"Can you move your seat up?"Bucky Barnes
62%
"He's also a huge dork. Chicks dig that."Black Widow
59%
"Does anyone have any orange slices?"Ant-Man
53%
"You want a juice box and some string cheese?"Hank Pym
44%

Score Distribution

Percentile by Number Answered

Percent of People with Each Score

Your Score History

You have not taken this quiz